000 00734nam a22002177a 4500
003 UA-OsUOA
001 95301
007 ta
008 20130227b un ||||| |||| 00| 0 ukr d
100 _aГрабовська С
090 _a82
_bГ75
942 _cSA
040 _aUA-OsUOA
_bukr
_cUA-OsUOA
_dUA-OsUOA
245 _aТвори фантастичного спрямування в українській літературі ХІХ століття
300 _aС.28-31
955 _a0
041 _aukr
080 _a82
773 0 _w95299
_tУкраїнська література в загальноосвітній школі
_dК.
_d2013
_g2
650 7 _a82 Література. Літературознавство
_2UDC
999 _c381548
_d381548